000
00175 a2200085 4500
041
_a
spa
100
_a
Anonimo
245
_a
Indice de la sociedad Civil Nicaraguense
942
_c
BK
999
_c
16441
_d
16441